Normal view
MARC view
- General
Entry Topical Term
001 - CONTROL NUMBER
- control field: 78979
003 - CONTROL NUMBER IDENTIFIER
- control field: OSt
005 - DATE AND TIME OF LATEST TRANSACTION
- control field: 20220806113850.0
008 - FIXED-LENGTH DATA ELEMENTS
- fixed length control field: 220806|| aca||aabn | a|a d
040 ## - CATALOGING SOURCE
- Original cataloging agency: OSt
- Transcribing agency: OSt
150 ## - HEADING--TOPICAL TERM
- Topical term or geographic name entry element: General
670 ## - SOURCE DATA FOUND
- Source citation: Work cat.: (OSt)43732: रसाळ, शिवाजी 78978, रणजुंझार कॅप्टन आशोक करकरे, 2012